000 00618nam a2200241 i 4500
001 C2-0091405
003 PPAK
005 20180727092355.0
008 970513s1988 enk |||| ||||| | eng d
020 _a0856484989
040 _aPPAK
_beng
_cPPAK
_erda
082 0 4 _a823
_223
090 0 0 _a823
_bSPE
_dG
100 1 _aSpencer, Chris,
_eauthor
245 1 0 _aStarforce red alert
264 1 _aTring :
_bA Lion Publishing ,
_c1988
300 _a144 pages ;
_c18 cm
336 _2rdacontent
_atext
337 _2rdamedia
_aunmediated
338 _2rdacarrier
_avolume
650 1 0 _aEnglish fiction
942 _ddc
_cB
999 _c19336
_d19336